Tar Heel Greats - Statistics

General Stats
  • This quiz has been taken 21 times
  • The average score is 6 of 18
Answer Stats
Hint Answer % Correct
23,45 Michael Jordan
89%
2nd best coach Roy Williams
89%
best coach Dean Smith
79%
Psycho "T" Tyler Hansbrough
68%
Laker Legend James Worthy
47%
Brother plays at Indiana Tyler Zeller
37%
15 Vince Carter
37%
danced along with LeBron Danny Green
26%
5 Ty Lawson
26%
Phoniex Suns Kendall Marshall
21%
player/actor Rick Fox
21%
Best player in Bocats history Sean May
21%
31 John Henson
16%
father current player Bob McAdoo
11%
40 Harrison Barnes
11%
Current laker Antawn Jamieson
5%
2006 All-American Brandon Wright
0%
Best Bobcats Coach Larry Brown
0%
No matching quizzes found
Score Distribution
Percent of People with Each Score
Percentile by Number Answered
Your Score History
You have not taken this quiz